[Event "WchT Seniors 50"]
[Site "Prague"]
[Date "2020.03.09"]
[Round "4.19"]
[White "Thurstan, Tim M"]
[Black "Havlickova, Lenka"]
[Result "1-0"]
[WhiteElo "1987"]
[BlackElo "1895"]
[PlyCount "49"]
[EventDate "2020.03.06"]
[EventType "team-swiss"]
[EventRounds "7"]
[EventCountry "CZE"]
[SourceTitle "CBM 195 Extra"]
[Source "ChessBase"]
[SourceDate "2020.05.31"]
[SourceVersion "1"]
[SourceVersionDate "2020.05.31"]
[SourceQuality "1"]
[WhiteTeam "England 50 II"]
[BlackTeam "Czech Republic 50 (W) II"]
[WhiteTeamCountry "ENG"]
[BlackTeamCountry "CZE"]

1. f4 d5 2. Nf3 Nf6 3. g3 c6 4. Bg2 h6 5. d3 Bf5 6. 0-0 e6 7. e3 Nbd7 8. Nc3 Bc5 9. Qe2 0-0 10. Kh1 Qc7 11. e4 Bg6 12. e5 Ne8 13. Bd2 Nb6 14. Nh4 Bh7 15. f5 exf5 16. Nxf5 Kh8 17. d4 Bb4 18. Rae1 Nc4 19. Nxd5 Qd7 20. Bxb4 cxd5 21. Bxf8 Bxf5 22. b3 Nc7 23. bxc4 Rxf8 24. cxd5 Nxd5 25. Rxf5 1-0

[Event "CZE-chT2B 1718"]
[Site "Czech Republic"]
[Date "2018.01.28"]
[Round "7.8"]
[White "Dolezal, Martin"]
[Black "Havlickova, Lenka"]
[Result "1-0"]
[WhiteElo "2232"]
[BlackElo "1917"]
[PlyCount "49"]
[EventDate "2017.10.15"]
[EventType "team-tourn"]
[EventRounds "11"]
[EventCountry "CZE"]
[SourceTitle "EXT 2022"]
[Source "ChessBase"]
[SourceDate "2021.10.06"]
[SourceVersion "1"]
[SourceVersionDate "2021.10.06"]
[SourceQuality "1"]
[WhiteTeam "Litomerice"]
[BlackTeam "Zizkov"]
[WhiteTeamCountry "CZE"]
[BlackTeamCountry "CZE"]

1. d4 d5 2. Nf3 e6 3. c4 Nf6 4. g3 Be7 5. Bg2 0-0 6. 0-0 c5 7. cxd5 exd5 8. Nc3 Nc6 9. dxc5 Bxc5 10. Bg5 Be7 11. Rc1 Be6 12. Nd4 Qb6 13. Nxe6 fxe6 14. Na4 Qb5 15. Bh3 Kf7 16. Bxf6 Bxf6 17. Nc5 Nd4 18. a4 Qxe2 19. Bxe6+ Kg6 20. Bxd5 Qe5 21. Be4+ Kh6 22. Re1 Rad8 23. Nxb7 Bg5 24. Nxd8 Rxd8 25. f4 1-0